000
00270nam a2200109Ia 4500
008
200302s9999 xx 000 0 und d
100
_a
M. F. Patel
245
_a
Indian Village From Entity to Non-Entity
260
_b
Kanak Publication
260
_c
1990
300
_a
212 P.,
999
_c
5678
_d
5678